• 首页
  • 本馆介绍
  • 公告通知
  • 最新文献
  • 馆藏检索
  • 电子资源
  • 读者导购
  • 参考咨询
  • 我的图书馆
  • 登录
  • 详细信息显示
  • 放入我的书架
  • 预约/预借图书
  • 作者相关作品
  • 分类相关作品
  • 丛书相关作品
  • 出版社相关作品

书目信息

  • 表格格式
  • 工作单格式
  • 卡片格式
题名:
画法几何的给题条件与解题方法
    
 
作者: 卓守鹏 著
分册:  
出版信息: 北京   高等教育出版社  1987
页数: 74页
开本: 26cm
丛书名:
单 册:
中图分类: O185.2
科图分类:
主题词: 画法几何--解题--高等学校--教学参考资料 , 几何 , 拓扑
电子资源:
ISBN:
000 00768nam0 2200277 45
001 0187008194
005 20040908094509.4
010    @dCNY1.05
091    @a15010.0824
100    @a19900808d1987 em y0chiy0121 ea
101 0  @achi
102    @aCN@b110000
105    @ay z 000yy
106    @ar
200 10 @a画法几何的给题条件与解题方法@Ahua fa ji he de gei ti tiao jian yu jie ti fang fa@f卓守鹏著
210    @a北京@c高等教育出版社@d1987
215    @a74页@d26cm
300    @a高等学校教学参考书
606    @a画法几何@x解题@x高等学校@x教学参考资料
606 0  @a几何
606 0  @a拓扑
690    @aO185.2@v3
701  0 @a卓守鹏@Azhuo shou peng@4著
801  0 @aCN@b深圳图书馆@c20040524
801  2 @aCN@bNLC@c20040524
905    @dO185.2@e19@f1@b206972
    
    画法几何的给题条件与解题方法/卓守鹏著.-北京:高等教育出版社,1987
    74页;26cm
    高等学校教学参考书
    
    ISBN :CNY1.05
    
●
相关链接 在E读中查询图书 在五车中查询图书 在当当中查询图书 在豆瓣中查询图书


正题名:画法几何的给题条件与解题方法     索取号:O185.2/19         预约/预借

序号 登录号 条形码 馆藏地/架位号 状态 备注
1 0206969   000406947   第三借阅区/ [索取号:O185.2/19] 在馆    
2 0206970   000406983   密集书库/ [索取号:O185.2/19] 在馆    
3 0206971   000406974   密集书库/ [索取号:O185.2/19] 在馆    
4 0206972   001949510   密集书库/ [索取号:O185.2/19] 在馆    
5 0206973   000406956   第二样本阅览室/ [索取号:O185.2/19] 在馆    
唐山师范学院图书馆 欢迎您!
大连网信软件有限公司© 版权所有